| 000 | 01072nam a2200301 i 4500 | ||
|---|---|---|---|
| 001 | 195943 | ||
| 003 | ES-MaACL | ||
| 005 | 20250804062710.0 | ||
| 008 | 240803s2022 sp 000 0 spa d | ||
| 017 | _aSE 2222-2022 | ||
| 020 | _a9788412554359 | ||
| 035 | _aCCBIP06117131 | ||
| 040 |
_bspa _cES-MaACL |
||
| 100 |
_aHatton Jumelles, Felipe Rafael _9237707 _eaut |
||
| 245 |
_aMarco Stray / _cFelipe Rafael Hatton Jumelles. |
||
| 260 |
_aSevilla : _bHilos de Emociones, _c2022. |
||
| 300 |
_a224 pág. : _c21 cm. |
||
| 336 |
_2rdacontent _atexto |
||
| 337 |
_2rdamedia _asin mediación |
||
| 338 |
_2rdacarrier _avolumen |
||
| 655 | 0 |
_aNovelas _9234319 |
|
| 852 |
_aES-MaACL _bR.154463 _cDEPOJ _jN-9067 _gDedicatoria autógrafa del autor _hDonación: Editorial _xEncuadernación rústica con solapas _9204971 |
||
| 903 |
_9237707 _aHatton Jumelles, Felipe Rafael _ednr |
||
| 942 |
_cMONOGRAFIA _n0 |
||
| 999 |
_c195943 _d195943 |
||